Adan Buenosayres / (Record no. 8271)
[ view plain ]
| 000 -CABECERA | |
|---|---|
| campo de control de longitud fija | 00803cam a22002651 4500 |
| 001 - NÚMERO DE CONTROL | |
| campo de control | 000008500 |
| 003 - IDENTIFICADOR DEL NÚMERO DE CONTROL | |
| campo de control | OSt |
| 005 - FECHA Y HORA DE LA ÚLTIMA TRANSACCIÓN | |
| campo de control | 20200929161341.0 |
| 008 - DATOS DE LONGITUD FIJA--INFORMACIÓN GENERAL | |
| campo de control de longitud fija | 781001s1967 cu 000 1 spa |
| 040 ## - FUENTE DE LA CATALOGACIÓN | |
| Centro catalogador/agencia de origen | DO-SdBNP |
| Lengua de catalogación | spa |
| Centro/agencia transcriptor | BNPHU |
| 082 ## - NÚMERO DE LA CLASIFICACIÓN DECIMAL DEWEY | |
| Número de clasificación | A863.6 |
| Número de documento/Ítem | M323a |
| 100 1# - ENTRADA PRINCIPAL--NOMBRE DE PERSONA | |
| Nombre de persona | Marechal, Leopoldo, |
| Fechas asociadas al nombre | 1900-1970. |
| 9 (RLIN) | 22822 |
| 245 10 - MENCIÓN DE TÍTULO | |
| Título | Adan Buenosayres / |
| Mención de responsabilidad, etc. | Leopoldo Marechal ; prólogo Oscar Collazos |
| 260 ## - PUBLICACIÓN, DISTRIBUCIÓN, ETC. | |
| Lugar de publicación, distribución, etc. | Buenos Aires, : |
| Nombre del editor, distribuidor, etc. | La Habana, Cuba, |
| Fecha de publicación, distribución, etc. | [1967?]. |
| 300 ## - DESCRIPCIÓN FÍSICA | |
| Extensión | 765 (39) p. ; |
| Dimensiones | 18 cm. |
| 490 0# - MENCIÓN DE SERIE | |
| Mención de serie | Litera latinoamericana |
| 590 ## - NOTA LOCAL (RLIN) | |
| Nota local | Inventariado, 2020/ YL |
| 650 #4 - PUNTO DE ACCESO ADICIONAL DE MATERIA--TÉRMINO DE MATERIA | |
| Término de materia o nombre geográfico como elemento de entrada | Novela argentina |
| 9 (RLIN) | 3941 |
| 650 #4 - PUNTO DE ACCESO ADICIONAL DE MATERIA--TÉRMINO DE MATERIA | |
| Término de materia o nombre geográfico como elemento de entrada | Literatura argentina |
| 9 (RLIN) | 3860 |
| 700 12 - PUNTO DE ACCESO ADICIONAL--NOMBRE DE PERSONA | |
| Nombre de persona | Collazos, Oscar |
| Término indicativo de función/relación | prol. |
| 9 (RLIN) | 69112 |
| 830 #0 - PUNTO DE ACCESO ADICIONAL DE SERIE-TÍTULO UNIFORME | |
| Título uniforme | Litera latinoamericana |
| 9 (RLIN) | 22823 |
| 910 ## - DATOS DE OPCIÓN DEL USUARIO (OCLC) | |
| Datos de opción del usuario | En proceso |
| 942 ## - ELEMENTOS DE PUNTO DE ACCESO ADICIONAL (KOHA) | |
| Fuente del sistema de clasificación o colocación | Dewey Decimal Classification |
| Tipo de ítem Koha | Libros y folletos |
| 956 ## - LOCALIZACIÓN Y ACCESO ELECTRÓNICOS LOCAL (OCLC) | |
| Nombre del host | YLOCKWARD |
| Estado de retiro | Estado de pérdida | Fuente del sistema de clasificación o colocación | Restricciones de uso | No para préstamo | Código de colección | Localización permanente | Ubicación/localización actual | Ubicación en estantería | Fecha de adquisición | Fuente de adquisición | Número de inventario | Total de préstamos | Signatura topográfica completa | Código de barras | Fecha visto por última vez | Precio válido a partir de | Tipo de ítem Koha |
|---|---|---|---|---|---|---|---|---|---|---|---|---|---|---|---|---|---|
| Dewey Decimal Classification | Monografías: Libros y Folletos | General | General | En catalogación | 16.09.2009 | Donación | LF1 | A863.6 M323a | 8500-10 | 25.06.2020 | 25.06.2020 | Préstamo interno | |||||
| Dewey Decimal Classification | Monografías: Libros y Folletos | General | General | Extraviado | 29.03.2017 | LF1 | A863.6 M323a | 8500-20 | 25.06.2020 | 25.06.2020 | No se presta |
